000 00282nam a2200109Ia 4500
008 201210s9999 xx 000 0 und d
100 _aHarvard Business Review
245 0 _aPlanning Series : Part IV.
260 _aBoston
_bHarvard Business School Press
300 _a190
942 _cBK
999 _c5486
_d5486